Business research methods / (Record no. 21347)

MARC details
000 -LEADER
fixed length control field 00647nam a22002177a 4500
003 - CONTROL NUMBER IDENTIFIER
control field OSt
008 - FIXED-LENGTH DATA ELEMENTS--GENERAL INFORMATION
fixed length control field 260220b2022 |||||||| |||| 00| 0 eng d
020 ## - INTERNATIONAL STANDARD BOOK NUMBER
International Standard Book Number 9789364441223
082 ## - DEWEY DECIMAL CLASSIFICATION NUMBER
Classification number 658.4031
Item number SCH-B
100 ## - MAIN ENTRY--PERSONAL NAME
Personal name Schindler, Pamela S.
245 ## - TITLE STATEMENT
Title Business research methods /
Statement of responsibility, etc Pamela S. Schindler, Kapil Gumte and Pratik Maheshwari
250 ## - EDITION STATEMENT
Edition statement 14th
260 ## - PUBLICATION, DISTRIBUTION, ETC. (IMPRINT)
Place of publication, distribution, etc Chennai :
Name of publisher, distributor, etc McGraw Hill Education,
Date of publication, distribution, etc 2022.
300 ## - PHYSICAL DESCRIPTION
Extent / Pages xxix, 662 p. ;
650 ## - SUBJECT ADDED ENTRY--TOPICAL TERM
Topical term or geographic name as entry element Business - Research
650 ## - SUBJECT ADDED ENTRY--TOPICAL TERM
Topical term or geographic name as entry element Business - Research - Methodology
650 ## - SUBJECT ADDED ENTRY--TOPICAL TERM
Topical term or geographic name as entry element Management - Research
700 ## - ADDED ENTRY--PERSONAL NAME
Personal name Gumte, Kapil
700 ## - ADDED ENTRY--PERSONAL NAME
Personal name Maheshwari, Pratik
942 ## - ADDED ENTRY ELEMENTS (KOHA)
Source of classification or shelving scheme
Koha item type Reference Books
Holdings
Withdrawn status Lost status Source of classification or shelving scheme Damaged status Not for loan Home library Current library Date acquired Source of acquisition Currency Cost, normal purchase price Full call number Barcode Date last seen Copy number Bill Date Koha item type Bill Number
          SOBD Library SOBD Library 17/02/2026 All Inida Book House INR 1150.00 658.4031 SCH-B1 007001 20/02/2026 1 17/02/2026 Reference Books NA/IN/1928
          SOBD Library SOBD Library 17/02/2026 All Inida Book House INR 1150.00 658.4031 SCH-B2 007002 20/02/2026 2 17/02/2026 Books NA/IN/1928
          SOBD Library SOBD Library 17/02/2026 All Inida Book House INR 1150.00 658.4031 SCH-B3 007003 20/02/2026 3 17/02/2026 Books NA/IN/1928
          SOBD Library SOBD Library 17/02/2026 All Inida Book House INR 1150.00 658.4031 SCH-B4 007004 20/02/2026 4 17/02/2026 Books NA/IN/1928
          SOBD Library SOBD Library 17/02/2026 All Inida Book House INR 1150.00 658.4031 SCH-B5 007005 20/02/2026 5 17/02/2026 Books NA/IN/1928
Hosted, Implemented, Customized & Maintained by: BestBookBuddies

Powered by Koha